| 000 | 00000nam 2200000za 4500 |
| 001 | 9.843433 |
| 003 | CaOODSP |
| 005 | 20221107152524 |
| 007 | cr ||||||||||| |
| 008 | 170912s2016 onc o f000 0 eng d |
| 040 | |aCaOODSP|beng |
| 043 | |an-cn--- |
| 086 | 1 |aD97-1/3-2016E-PDF |
| 245 | 00|aITS advice and guidance publications renewal |h[electronic resource]. |
| 260 | |a[Ottawa] : |bCommunications Security Establishment, |c2016. |
| 300 | |a[2] p. |
| 490 | 1 |aAwareness series ; |vITSAP.00.003 |
| 500 | |aIssued also in French under title: Refonte des conseils et directives en matière de sécurité des TI. |
| 500 | |aCaption title. |
| 500 | |a"Unclassified." |
| 500 | |a"September 2016." |
| 500 | |aIssued also in HTML format. |
| 692 | 07|2gccst|aFederal government |
| 692 | 07|2gccst|aComputer security |
| 710 | 2 |aCommunications Security Establishment (Canada) |
| 775 | 08|tRefonte des conseils et directives en matière de sécurité des TI |w(CaOODSP)9.843437 |
| 830 | #0|aAwareness series (Communications Security Establishment (Canada))|vITSAP.00.003.|w(CaOODSP)9.842810 |
| 856 | 40|qPDF|s758 KB|uhttps://publications.gc.ca/collections/collection_2017/cstc-csec/D97-1-3-2016-eng.pdf |
| 856 | 4 |qHTML|sN/A|uhttps://cyber.gc.ca/en/guidance/its-advice-and-guidance-publications-renewal-itsap00003 |